000 00689nam a2200289Ia 4500
005 20260324121105.0
008 008 260324s9999 xx 000 0 eng d
020 _a9780203577073
037 _aEBOOK
040 _aCRL
040 _beng
040 _cCRL
041 _2eng
041 _aeng
084 _qCRL
100 _aVijay Vyas
_91161158
245 0 _aLow-Cost, Low-Tech Innovation
245 0 _bNew Product Development in the Food Industry
260 _bTaylor and Francis
260 _c2014
365 _a
365 _b170
856 _uhttp://www.taylorfrancis.com/books/9780203577073
942 _cEBOOK
999 _c1753031
_d1753031